Т. 59, № 11; Журнал неорганической химии

Bibliografiset tiedot
Parent link:Журнал неорганической химии/ Российская академия наук (РАН), Отделение химии и наук о материалах РАН. Т. 59, № 11.— , 1956-
Kieli:venäjä
Julkaistu: 2014
Aineistotyyppi: Kirja
KOHA link:https://koha.lib.tpu.ru/cgi-bin/koha/opac-detail.pl?biblionumber=539231

MARC

LEADER 00000nam2a2200000 4500
001 539231
005 20231101114323.0
035 |a (RuTPU)RU\TPU\prd\228921 
090 |a 539231 
100 |a 20141223a19569999k y0rusy50 ca 
101 0 |a rus 
102 |a RU 
200 0 |a Т. 59, № 11 
210 |d 2014 
461 1 |0 (RuTPU)RU\TPU\prd\160  |t Журнал неорганической химии  |f Российская академия наук (РАН), Отделение химии и наук о материалах РАН  |v Т. 59, № 11  |d 1956- 
801 0 |a RU  |b 63413507  |c 20010227  |g PSBO 
801 1 |a RU  |b 63413507  |c 20141223 
801 2 |a RU  |b 63413507  |c 20230411  |g RCR 
942 |c BK 
999 |a НТБ_ТПУ  |b НФ  |e -1/20140109  |p П-5998  |s 3/20140704  |u 0,00  |v 1